01402 2200265 4500001002100000005001500021035002000036007000300056008004100059020002200100082001000122084001900132100002500151245007900176250002800255300003100283650002600314700003000340520064400370264003201014336002101046337003001067338002301097990001601120INLIS00000000004288320210808043951 a0010-0821000094ta210808 g 0 ind  a978-623-7910-60-2 a153.4 aSR 153.4 ABH m0 aAbhicandra Y. Salman1 aMagnet berfikir positif /cAbhicandra Y. Salman; penyunting, Hanna Burhani aCetakan I, Januari 2021 a224 halaman ;c21 x 14 cm. 4aPikiran dan pemikiran0 aHanna Burhaniepenyunting aDalam menjalani kehidupan, manusia mesti melewati tahapan-tahapannya. Tahapan-tahapan itu dimulai dari belajar berbicara. betajar berjalan dan lain seterusnya. Dengan demikian, kehidupan ini sesungguhnya merupakan arena pembelajaran Karena merupakan arena pembelajaran, tentu saja ada kelas-kelas atau tahap-tahap yang harus dilampaui. Manusia selalu memiliki tujuan untuk mendapatkan kehidupan yang penuh keajaiban dan kebahagiaan. Dengan tujuan hidup seperti itu. orang akan berusaha sebaik mungkin untuk mencapainya. Akan tetapi, apabila dalam diri orang tersebut tidak terdapat pikiran positif maka tujuan tersebut akan sulit dicapai. aYogyakarta :bAraska,c2021 2rdacontentateks 2rdamediaatanpa perantara 2rdacarrieravolume a47832.60652